000 00887nam a22002417a 4500
999 _c18321
_d18321
003 AR-CdUCM
008 190513b ||||| |||| 00| 0 spa d
040 _aMUNICIPALIDAD PROVINCIAL DEL CUSCO
_cBIBLIOTECA MUNICIPAL DEL CUSCO
041 _heng
082 _a573.2 /
_bM84
100 _aMoore, Ruth
_938837
245 _aHombre, tiempo y fósiles :
_bdimensión histórica de la vida /
260 _aBarcelona :
_bLabor.
300 _aXII, 465 páginas ;
_bfotografías, retratos, figuras,
_c22 cm.
440 _aColección Libros de Hoy.
_915208
505 _aContenido: Origen del hombre -- El archivo humano enterrado -- Modificaciones en la teoría de la evolución humana.
650 _aEvolución
_97012
650 _aOrígen
_915147
650 _aHombre
_9838
700 _aCrusafont Pairó, Miguel (traducción)
_938838
942 _2ddc
_cLIBROS
945 _aachl
_d2019-05-13